Catálogo
 En Linea
Vista normal Vista MARC

Entrada Nombre corporativo

Número de registros utilizados en: 3

001 - NÚMERO DE CONTROL

  • campo de control: 77275

003 - IDENTIFICADOR DEL NÚMERO DE CONTROL

  • campo de control: OSt

005 - FECHA Y HORA DE LA ÚLTIMA TRANSACCIÓN

  • campo de control: 20201117104555.0

008 - DATOS DE LONGITUD FIJA

  • campo de control de longitud fija: 201117|| aca||aabn | a|a d

040 ## - FUENTE DE LA CATALOGACIÓN

  • Centro catalogador/agencia de origen: OSt
  • Centro/agencia transcriptor: OSt

110 ## - ENCABEZAMIENTO-NOMBRE DE ENTIDAD CORPORATIVA

  • Nombre de entidad corporativa o nombre de jurisdicción como elemento de entrada: Iglesia Católica.
  • Unidad subordinada: Papa (1534-1549 : Pablo III)

670 ## - FUENTE DE DATOS ENCONTRADOS

  • Cita de la fuente: Work cat.: (OSt)25247: Beltran de Heredia, Vicente, 1885-1973. 52557, La autenticidad de la bula "In apostolatus culmine" base de la Universidad de Santo Domingo/., 1965.

Con tecnología Koha